El libro de los filósofos muertos / (Registro nro. 13340)

Detalles MARC
000 -LIDER
fixed length control field 00959nam a22002777a 4500
003 - IDENTIFICACDOR DE NÚMERO DE CONTROL
control field DO-SdBNP
005 - DATE AND TIME OF LATEST TRANSACTION
control field 20240403135501.0
008 - ELEMENTOS DE LONGITUD FIJA
fixed length control field 180226b 2008 sp 00| 0 spa d
020 ## - ISBN
International Standard Book Number 9788430606771
040 ## - FUENTE DE CATALOGACIÓN
Agencia que crea de manera original el registro BPMSU
Idioma de catalogación spa
Agencia que realiza la transcripción BPMSU
082 #4 - NÚMERO DE CLASIFICACIÓN DECIMAL DE DEWEY
Classification number 921
Item number C934L 2008
Edition number 22
100 1# - ASIENTO PRINCIPAL -- NOMBRE PERSONAL
Nombre personal Critchley, Simon
245 10 - MENCIÓN DE TITULO
Título El libro de los filósofos muertos /
Mención de responsabilidad Simon Critchley ; traducción de Alejandro Pradera.
260 ## - PUBLICACIÓN, DISTRIBUCIÓN, ETC. (PIE DE IMPRENTA)
Lugar de publicación, distribución, etc Madrid :
Nombre del editor, distribuidor, etc. Taurus ;
-- Santillana Ediciones Generales,
Fecha de publicación, distribución, etc 2008.
300 ## - DESCRIPCIÓN FÍSICA
Extensión 362 p. ;
Dimensiones 24 cm.
490 0# - MENCIÓN DE SERIES
Mención de serie Pensamiento
500 ## - NOTA GENERAL
Materiales especificados Incluye referencias bibliográficas y notas al pie de las páginas
504 ## - NOTA DE BIBLIOGRAFÍA, ETC.
Bibliography, etc Bibliografía: p. 347-362
534 ## - NOTA SOBRE LA VERSIÓN ORIGINAL
Frase introductoria Título original :
Mención del título original The book of dead philosophers.
590 ## - NOTA LOCAL
Texto de la nota local Inventariado, 2024/VM
650 #4 - ENCABEZAMIENTO DE MATERIA--TEMÁTICO
Término temático o nombre geográfico como elemento de entrada Filósofos
Subdivisión de forma Biografías.
650 #4 - ENCABEZAMIENTO DE MATERIA--TEMÁTICO
Término temático o nombre geográfico como elemento de entrada Filosofía contemporánea
700 1# - ASIENTO SECUNDARIO -- NOMBRE PERSONAL
Nombre personal Pradera, Alejandro,
Mención de responsabilidad tr.
910 ## - VALIDACIÓN
Validación VMateo V. control de calidad. BPMSU
942 #0 - ADDED ENTRY ELEMENTS (KOHA)
Source of classification or shelving scheme Dewey Decimal Classification
Koha item type Libros
Existencias
Withdrawn status Lost status Source of classification or shelving scheme Damaged status Not for loan Collection code Home library Current library Date acquired Source of acquisition Total Checkouts Full call number Barcode Date last seen Price effective from Koha item type Copy number
    Dewey Decimal Classification     Colección General Biblioteca Pública Metropolitana Salomé Ureña Biblioteca Pública Metropolitana Salomé Ureña 02/26/2018 Alfaguara   BPMSU CG 921 C934L 2008 BPMSU18020269 02/26/2018 02/26/2018 Libros  
    Dewey Decimal Classification     Colección General Biblioteca Pública Metropolitana Salomé Ureña Biblioteca Pública Metropolitana Salomé Ureña 02/26/2018 Alfaguara   BPMSU CG 921 C934L 2008 BPMSU18020271 02/26/2018 02/26/2018 Libros e.2
    Dewey Decimal Classification     Colección General Biblioteca Pública Metropolitana Salomé Ureña Biblioteca Pública Metropolitana Salomé Ureña 02/26/2018 Alfaguara   BPMSU CG 921 C934L 2008 BPMSU18020270 02/26/2018 02/26/2018 Libros e.3